Odhad energetickej chudoby na Slovensku diplomová práca

Saved in:
Bibliographic Details
Main Author: Kováč, Tomáš
Corporate Author: Národohospodárska fakulta EU. Katedra hospodárskej politiky
Other Authors: Senaj - externista, Matúš
Format: Book
Language:Slovak
Published: Bratislava 2024
Tags: Add Tag
No Tags, Be the first to tag this record!

MARC

LEADER 00000nbm a2200000 4500
001 0300794
005 20241111132219.7
041 0 |a slo 
044 |a SK 
245 1 0 |a Odhad energetickej chudoby na Slovensku  |b diplomová práca  |c Tomáš Kováč ; školiteľ: Matúš Senaj - externista 
264 1 |a Bratislava  |c 2024 
300 |a 55 s. 
100 1 |a Kováč, Tomáš 
700 1 |a Senaj - externista, Matúš 
710 2 |a Národohospodárska fakulta EU. Katedra hospodárskej politiky